000 01023nam a2200265Ia 4500
003 OSt
005 20221005110303.0
006 a|||||r|||| 00| 0
007 ta
008 221004b |||||||| |||| 00| 0 hin d
020 _a9789381582985 (hbk)
_c995
024 _a25685
037 _b2343, 19/03/2016, Success Book Service
_cTextual
040 _aCRL
_cCRL
_bhin
041 _2hin
_ahin
082 _aO44(Y5927):g, 152Q3
100 _aभंडारे, मनोहर, संपा.
245 0 _aदलित साहित्य
_b समग्र परिदृश्य
246 _aDalit sāhitya: samagra paridṛushya
260 _aनई दिल्ली
_bस्वराज प्रकाशन भारत
_c2013
300 _a462पृ0
_ccm.
650 _aहिन्दी साहित्य
942 _hO44(Y5927):g, 152Q3
_cTEXL
_2cc
999 _c1018344
_d1018344